| 000 | 01592nam0a22002651 4500 | ||
|---|---|---|---|
| 001 | rc\4468243 | ||
| 005 | 20250612092236.0 | ||
| 021 |
_aRU _b[67-80646] |
||
| 035 | _a(NLR Aleph) 008594921 | ||
| 090 |
_a8667152 _c8667152 |
||
| 100 | _a20130416d1967 |||y0rusy50 ca | ||
| 101 | 0 | _arus | |
| 102 | _aRU | ||
| 105 | _ay z ||||| | ||
| 200 | 1 |
_aРешение _fЦентр. правл. Науч.-техн. о-ва приборостроит. пром-сти. М-во приборостроения, средств автоматизации и систем управления СССР. Ком. стандартов, мер. и измерит. приборов при Совете Министров СССР. Одес. обл. правл. Науч.-техн. о-ва приборостроит. пром-сти. III Всесоюз. науч.-техн. конференция по балансировочному оборудованию и методам уравновешивания машин и приборов. 9-12 июня 1967 г. Одесса |
|
| 210 |
_aМосква _cБ. и. _d1967 |
||
| 215 |
_aОбл., 4 с. _d20 |
||
| 606 |
_aДетали машин, вращающиеся _xБалансировка _2psbo |
||
| 606 |
_aБалансировочные машины _2psbo |
||
| 710 | 1 | 2 | _aВсесоюзная научно-техническая конференция по балансировочному оборудованию (3; 1967; Одесса) |
| 801 | 0 |
_aRU _bNLR _gpsbo |
|
| 801 | 1 |
_aRU _bELAR _2rusmarc |
|
| 852 |
_aNLR _j67-4/20283 |
||
| 942 | _cBOOK | ||
| 980 | _aNB | ||